| 000 | 01247nam a22002777a 4500 | ||
|---|---|---|---|
| 999 |
_c122111 _d122111 |
||
| 003 | dpl | ||
| 005 | 20180919130117.0 | ||
| 008 | 180919b ||||| |||| 00| 0 eng d | ||
| 010 | _aB-179652 | ||
| 020 |
_a8190348310(v.1) _c1800(Set) |
||
| 020 |
_a8190348329(v.2) _c1800(Set) |
||
| 020 |
_a8190348337(v.3) _c1800(Set) |
||
| 035 | _aB-179652, B-179693 | ||
| 037 | _aCen Lib / Ret | ||
| 040 |
_aDPL _bHN _c0 |
||
| 082 |
_a181.45 _bदेसाई |
||
| 100 | _aदेसाई, इच्छाराम सुर्यराम | ||
| 245 |
_aचन्द्रकान्त : _bवेदान्तज्ञान का मुखग्रंथ / _cइच्छाराम सुर्यराम देसाई |
||
| 246 |
_aChandarkanta : _bVedantagyan ka mukhgranth / |
||
| 260 |
_aदिल्ली _bआर्यवर्त संस्कृति संस्थान _c2006 |
||
| 270 |
_aबी-216, चन्दू नगर करावल नगर रोड _bदिल्ली _e110094 |
||
| 300 | _a3 v. ; v 1. 464 ; v 2. 607 ; v 3. 526p.) | ||
| 650 | _aPsychology, Religious. | ||
| 650 | _aमनोविज्ञान, धार्मिक | ||
| 942 |
_2ddc _cHN _h181.45 _mदेसाई |
||